Informe del rector, 1982-1983
En este documento el Rector informa acerca de la marcha y las principales tareas realizadas en la Universidad de Costa Rica en el período de 1982-1983. En él trata asuntos docentes como: la planificación curricular, los troncos de materias comunes, la evaluación de las unidades académicas y las ases...
Enregistré dans:
| Collectivité auteur: | |
|---|---|
| Format: | Texte |
| Publié: |
San Pedro de M. de O.:
UCR. Oficina de Publicaciones
|
| Sujets: | |
| Tags: |
Ajouter un tag
Pas de tags, Soyez le premier à ajouter un tag!
|
MARC
| LEADER | 00000 a a2200000 04500 | ||
|---|---|---|---|
| 001 | 13014 | ||
| 003 | |||
| 040 | |||
| 090 | |a 016800 | ||
| 110 | |a UCR. Rectoría | ||
| 245 | |a Informe del rector, 1982-1983 | ||
| 260 | |a San Pedro de M. de O.: |b UCR. Oficina de Publicaciones | ||
| 300 | |a 289 p. | ||
| 300 | |b **no definido** | ||
| 500 | |a Rector: Dr. Fernando Durán Ayanegui | ||
| 520 | |a En este documento el Rector informa acerca de la marcha y las principales tareas realizadas en la Universidad de Costa Rica en el período de 1982-1983. En él trata asuntos docentes como: la planificación curricular, los troncos de materias comunes, la evaluación de las unidades académicas y las asesorías brindadas a éstas, el régimen de remuneración para los docentes y las relaciones interuniversitarias. En general, el informe es un resumen todas las tareas que se han realizado en la Universidad de Costa Rica, presentando la información por áreas y considerando aspectos como: distribución salarial, gastos, recursos humanos y el financiamiento externo. LOB/mb | ||
| 650 | |a UNIVERSIDAD DE COSTA RICA | ||
| 650 | |a ADMINISTRACION UNIVERSITARIA | ||
| 650 | |a CONSEJO NACIONAL DE RECTORES, CR | ||
| 650 | |a PODER EJECUTIVO | ||
| 650 | |a PODER LEGISLATIVO | ||
| 650 | |a FINANCIAMIENTO | ||
| 650 | |a SALARIOS | ||
| 650 | |a GASTOS | ||
| 650 | |a SALUD | ||
| 650 | |a TRABAJO SOCIAL | ||
| 650 | |a FINANCIAMIENTO EXTERIOR | ||
| 650 | |a GASTOS | ||
| 650 | |a FINANCIAMIENTO EXTERIOR | ||
| 650 | |a RECURSOS HUMANOS | ||
| 999 | |c 5453 |d 5453 | ||
